000 00372nam a22001697a 4500
005 20160625104841.0
008 160625b xxu||||| |||| 00| 0 eng d
020 _a81-7693-127-6
041 _aeng
082 _b10008
100 _aKapadia, Mala
_9277
245 _aEmotional Intelligence
260 _bBPI
300 _a333
650 _aManagement
_9241
942 _cBK
999 _c3948
_d3947